000 01042nas a2200337 4500
001 BR2012002958
003 BR-BrBNA
005 20231205120459.0
007 ta
008 230509b bl.|||p| |||| 00| 00por d
040 _aBR-BrBNA
_bpor
_cBiblioteca Nacional de Agricultura
041 _a(Pt)
072 _aE80; Q02
100 1 _aCruz, A.L.L. da
100 1 _aLeite Junior, B.R. de C.
100 1 _aJoaquim, L.O.
100 1 _aLamas, J.M.N.
100 1 _aMartins, E.M.F.
100 1 _aMartins, M.L.
245 1 _aDiagnóstico das agroindústrias familiares processadoras de doces de frutas, biscoitos e condimentos da região de Rio Pomba, MG
650 _aCONSUMIDOR
650 _aDOCE
650 _aFRUTA
650 _aBISCOITO
650 _aPROCESSAMENTO
650 _aAGRICULTURA FAMILIAR
650 _aTECNOLOGIA DE ALIMENTO
773 0 _tHigiene Alimentar (Brazil)
_xISSN 0101-9171
_g(Nov-Dec 2011), v. 25(202-203) p. 77-80
_wBR2012002958
909 _a202311
_bLúcia
_c55
_dLúcia Elande
942 _2AGRIS
_n0
_cANA
999 _c218724
_d218724